| 000 -LEADER |
| fixed length control field |
00576nam a2200217Ia 4500 |
| 001 - CONTROL NUMBER |
| control field |
21647 |
| 003 - CONTROL NUMBER IDENTIFIER |
| control field |
GE_BSU |
| 008 - FIXED-LENGTH DATA ELEMENTS--GENERAL INFORMATION |
| fixed length control field |
181216s||||||||xx |||||||||||||| ||und|| |
| 040 ## - CATALOGING SOURCE |
| Transcribing agency |
GE_BSU |
| 080 ## - UNIVERSAL DECIMAL CLASSIFICATION NUMBER |
| Universal Decimal Classification number |
811.112 |
| 100 ## - MAIN ENTRY--PERSONAL NAME |
| Personal name |
Middleman, Doris |
| 245 ## - TITLE STATEMENT |
| Title |
Sprechen Horen Sprechen: Ubungen zur deutschen Aussprache |
| 260 ## - PUBLICATION, DISTRIBUTION, ETC. |
| Place of publication, distribution, etc. |
Munchen |
| 260 ## - PUBLICATION, DISTRIBUTION, ETC. |
| Name of publisher, distributor, etc. |
Verlag fur Deutsch |
| 260 ## - PUBLICATION, DISTRIBUTION, ETC. |
| Date of publication, distribution, etc. |
1996 |
| 300 ## - PHYSICAL DESCRIPTION |
| Extent |
91p. 21cm. |
| 653 ## - INDEX TERM--UNCONTROLLED |
| Uncontrolled term |
Sprechen Horen Sprechen: Ubungen zur deutschen Aussprache |
| 653 ## - INDEX TERM--UNCONTROLLED |
| Uncontrolled term |
გერმანული ენა |
| 942 ## - ADDED ENTRY ELEMENTS (KOHA) |
| Koha item type |
წიგნი |